Eastern Utah Libraries Catalog: Duchesne, Heber, Roosevelt, & Vernal

The last straw / (Record no. 357192)

MARC details
000 -LEADER
fixed length control field 01752nam a22003978i 4500
001 - CONTROL NUMBER
control field z9fcpp b1955756
003 - CONTROL NUMBER IDENTIFIER
control field DLC
005 - DATE AND TIME OF LATEST TRANSACTION
control field 20201229165746.0
008 - FIXED-LENGTH DATA ELEMENTS--GENERAL INFORMATION
fixed length control field 200721s2021 cau b 000 1 eng
010 ## - LIBRARY OF CONGRESS CONTROL NUMBER
LC control number 2020032372
020 ## - INTERNATIONAL STANDARD BOOK NUMBER
International Standard Book Number 9781623174637 : HRD
Terms of availability 17.95
020 ## - INTERNATIONAL STANDARD BOOK NUMBER
International Standard Book Number 1623174635 : HRD
Terms of availability 17.95
Qualifying information (hardcover)
Cancelled/invalid ISBN 9781623174644
Qualifying information (ebook)
037 ## - SOURCE OF ACQUISITION
Source of stock number/acquisition Random House Distribution childrens, 400 Hahn rd, Westminster, MD, USA, 21157, (212)7828741
Note SAN 201-3975
040 ## - CATALOGING SOURCE
Original cataloging agency DLC
Language of cataloging eng
Description conventions rda
Transcribing agency DLC
082 00 - DEWEY DECIMAL CLASSIFICATION NUMBER
Classification number [E]
Edition number 23
092 ## - LOCALLY ASSIGNED DEWEY CALL NUMBER (OCLC)
Classification number E
100 1# - MAIN ENTRY--PERSONAL NAME
Personal name Matthiessen, Zoe,
Dates associated with a name 1971-
Relator term author.
9 (RLIN) 6396328
245 14 - TITLE STATEMENT
Title The last straw /
Statement of responsibility, etc written and illustrated by Zoe Matthiessen.
264 ## - Production, Publication, Distribution, Manufacture, and Copyright Notice.
Place of production, publication, distribution, manufacture Berkeley, California :
Name of producer, publisher, distributor, manufacturer North Atlantic Books,
Date of production, publication, distribution, manufacture, or copyr 2021.
300 ## - PHYSICAL DESCRIPTION
Extent pages cm.
336 ## - Content Type
Content type term text
336 ## - Content Type
Content type term still image
337 ## - Media type
Media type term unmediated
338 ## - Carrier type
Carrier type term volume
520 ## - SUMMARY, ETC.
Summary, etc Sippy, a discarded plastic straw, journeys around the world, observing animals that are struggling with discarded plastic, from a raccoon with a six-pack ring around his neck to a whale eating ocean trash. Includes tips on reducing one's use of plastic and a reminder to dispose of trash properly.
521 ## - TARGET AUDIENCE NOTE
Target audience note Ages 4-8.
Source North Atlantic Books.
521 ## - TARGET AUDIENCE NOTE
Target audience note Grades K-1.
Source North Atlantic Books.
650 #1 - SUBJECT ADDED ENTRY--TOPICAL TERM
Topical term or geographic name as entry element Drinking straws
Form subdivision Fiction.
9 (RLIN) 6396329
650 #1 - SUBJECT ADDED ENTRY--TOPICAL TERM
Topical term or geographic name as entry element Plastics
Form subdivision Fiction.
9 (RLIN) 6396330
650 #1 - SUBJECT ADDED ENTRY--TOPICAL TERM
Topical term or geographic name as entry element Animals
Form subdivision Fiction.
9 (RLIN) 5678722
650 #1 - SUBJECT ADDED ENTRY--TOPICAL TERM
Topical term or geographic name as entry element Environmental protection
Form subdivision Fiction.
9 (RLIN) 5762351
776 08 - ADDITIONAL PHYSICAL FORM ENTRY
Display text Online version:
776 08 - ADDITIONAL PHYSICAL FORM ENTRY
Main entry heading Matthiessen, Zoe, 1971-
Title The last straw
Place, publisher, and date of publication Berkeley, California : North Atlantic Books, 2021
International Standard Book Number 9781623174644
Record control number (DLC) 2020032373.
907 ## - LOCAL DATA ELEMENT G, LDG (RLIN)
a .b444489046
942 ## - ADDED ENTRY ELEMENTS (KOHA)
Source of classification or shelving scheme Dewey Decimal Classification
Koha item type BOOK
Holdings
Withdrawn status Lost status Source of classification or shelving scheme Damaged status Not for loan Collection code Home library Current library Shelving location Date acquired Source of acquisition Total Checkouts Total Renewals Full call number Barcode Date last seen Date checked out Cost, replacement price Price effective from Koha item type
    Dewey Decimal Classification     Children Picture Books Wasatch County Library Wasatch County Library Main Floor Childrens Area 12/29/2020 Micromarketing 6 6 E Matthiessen 34301001707852 01/24/2025 04/06/2023 17.95 12/29/2020 BOOK
This project was made possible through a grant from the Institute of Museum and Library Service administered by the Utah State Library Division.

Wasatch County Library

  • 465 East 1200 South, Heber City, Utah 84032
  • Phone 435-654-1511 | Fax 435-654-6456

Hours

  • Monday - Friday 9:30 AM - 8:00 PM
  • Saturday 9:30 AM - 1:30 PM
  • Closed Sundays and Holidays